All (Most) FNaF Animatronics - Statistics

General Stats
  • This quiz has been taken 28 times
  • The average score is 78 of 90
Answer Stats
Hint Answer % Correct
Balloon Boy
100%
Bonnie
100%
Chica
100%
Foxy
100%
FNaF 1 Freddy
100%
Golden Freddy
100%
JJ
100%
Shadow Bonnie
100%
Secrets in FNaF 2 Shadow Freddy
100%
Withered Bonnie
100%
Withered Chica
100%
Withered Foxy
100%
Withered Freddy
100%
Withered Golden Freddy
100%
Marionette
95%
Nightmare
95%
Nightmare Bonnie
95%
Nightmare Chica
95%
Nightmare Foxy
95%
FNaF 4 Nightmare Freddy
95%
Phantom Balloon Boy
95%
Phantom Chica
95%
Phantom Foxy
95%
Phantom Freddy
95%
Phantom Mangle
95%
FNaF 3 Springtrap
95%
Toy Bonnie
95%
Toy Chica
95%
FNaF 2 Toy Freddy
95%
Ballora
89%
Bidybab
89%
FNaF SL Circus Baby
89%
Electrobab
89%
Ennard
89%
Happy Frog
89%
Mangle
89%
Minireena
89%
Mediocre Melodies Mr. Hippo
89%
Mr. Hugs
89%
Nightmare Balloon Boy
89%
Nightmare Fredbear
89%
Nightmarionne
89%
Orville Elephant
89%
Phantom Marionette
89%
Pigpatch
89%
Plushtrap
89%
Yenndo
89%
Bonnet
84%
Endo 02
84%
The first ones Fredbear
84%
Funtime Foxy
84%
Funtime Freddy
84%
Glamrock Chica
84%
FNaF Security Breach Glamrock Freddy
84%
FNaF 4 Halloween DLC Jack-O-Bonnie
84%
Jack-O-Chica
84%
Lefty
84%
Molten Freddy
84%
Montgomery Gator
84%
Trash and the Gang Mr. Can-Do
84%
Neddbear
84%
Nightmare Mangle
84%
No. 1 Crate
84%
Pan Stan
84%
Roxanne Wolf
84%
Scrapbaby
84%
FNaF PS ScrapTrap
84%
Springbonnie
84%
El Chip
79%
Fruit Punch Clown
79%
FNaF VR Glitchtrap
79%
Other FNaF PS Helpy
79%
Lemonade Clown
79%
Other FNaF SL Lolbit
79%
Music Man
79%
Vanny
79%
Bucket Bob
74%
Dreadbear
74%
Funtime Chica
74%
Candy Cadet
68%
Grimm Foxy
68%
Prize King
68%
Rockstar Bonnie
68%
Rockstar Chica
68%
Rockstar Foxy
68%
Rockstar Freddy
68%
Burntrap
63%
Security Puppet
63%
Moondrop
58%
Sundrop
58%
No matching quizzes found
Score Distribution
Percent of People with Each Score
Percentile by Number Answered
Your Score History
You have not taken this quiz